|
|
|
|
| LEADER |
00000nab a2200000 a 4500 |
| 001 |
vtls000722442 |
| 003 |
SK-MaSNL |
| 005 |
20260304124836.0 |
| 008 |
250429c1999 xo 0 slo |
| 015 |
|
|
|a SNBRB2000/05-12773
|
| 035 |
|
|
|a CLN000074609
|
| 035 |
|
|
|a urn:nbn:sk:snk-ab6tae
|
| 035 |
|
|
|a (uuid)7b1e287a-9d53-4e24-9101-79edca3dede8
|
| 035 |
|
|
|a (urnnbn)urn:nbn:sk:snk:ar-a05quw
|
| 035 |
|
|
|a (sysno)vtls000722442
|
| 040 |
|
|
|a SNKBUCL
|b slo
|c SNKBUCL
|e AACR2
|
| 041 |
0 |
|
|a slo
|
| 044 |
|
|
|a xo
|c SK
|
| 080 |
|
|
|a 616.72-002.77:061.3
|2 1997
|
| 100 |
1 |
|
|a Bošmanský, Karol,
|d 1927-2016
|4 aut
|9 119482
|
| 245 |
1 |
0 |
|a 43. zjazd slovenských a českých reumatológov v Nitre
|c K. Bošmanský, J. Rovenský
|
| 611 |
1 |
7 |
|a Zjazd slovenských a českých reumatológov
|n (43. :
|d 1999 :
|c Nitra, Slovensko)
|2 snkbucl
|9 1420070
|
| 650 |
0 |
7 |
|a reumatológia
|x podujatia odborné
|x 1999
|2 snkbucl
|9 1436565
|
| 655 |
|
7 |
|a články z novín a časopisov
|2 snkbucl
|9 267496
|
| 700 |
1 |
|
|a Rovenský, Jozef,
|d 1943-2024
|4 aut
|9 189097
|
| 773 |
0 |
|
|t Rheumatologia
|g Roč. 13, č. 3 (1999), s. 130-131
|
| 850 |
|
|
|a Slovenská národná knižnica
|
| 852 |
|
|
|a Slovenská národná knižnica
|
| 954 |
|
|
|a odborná, vedecká literatúra pôvodná (slovenská)
|2 lita
|
| 958 |
|
|
|a article27
|
| 958 |
|
|
|a MI
|
| 958 |
|
|
|a OND
|
| 958 |
|
|
|a EUIPO
|
| 992 |
|
|
|a RBX
|
| 999 |
|
|
|c 2892363
|d 2894293
|